Структурно-фазовые превращения нановолокон оксида алюминия; Перспективные материалы конструкционного и медицинского назначения

書目詳細資料
Parent link:Перспективные материалы конструкционного и медицинского назначения.— 2018.— [С. 64-66]
其他作者: Леонов А. А. Андрей Андреевич, Пайгин В. Д. Владимир Денисович, Толкачёв О. С. Олег Сергеевич, Алишин Т. Р. Тимофей Русланович
總結:Заглавие с экрана
語言:俄语
出版: 2018
叢編:Проблемы надежности материалов
主題:
在線閱讀:http://earchive.tpu.ru/handle/11683/51864
格式: 電子 Book Chapter
KOHA link:https://koha.lib.tpu.ru/cgi-bin/koha/opac-detail.pl?biblionumber=628533

MARC

LEADER 00000naa2a2200000 4500
001 628533
005 20251119155705.0
035 |a (RuTPU)RU\TPU\conf\28782 
035 |a RU\TPU\conf\28781 
090 |a 628533 
100 |a 20181129d2018 k y0rusy50 ca 
101 0 |a rus 
102 |a RU 
135 |a drcn ---uucaa 
181 0 |a i  
182 0 |a b 
200 1 |a Структурно-фазовые превращения нановолокон оксида алюминия  |f А. А. Леонов [и др.] 
203 |a Текст  |c электронный 
225 1 |a Проблемы надежности материалов 
300 |a Заглавие с экрана 
320 |a [Библиогр.: с. 66 (4 назв.)] 
463 1 |0 (RuTPU)RU\TPU\conf\28688  |t Перспективные материалы конструкционного и медицинского назначения  |o сборник трудов Международной научно-технической молодежной конференции, г. Томск, 26–30 ноября 2018 г.  |f Национальный исследовательский Томский политехнический университет, Инженерная школа новых производственных технологий ; Российский фонд фундаментальных исследований ; под ред. С. Н. Кулькова [и др.]  |v [С. 64-66]  |d 2018 
610 1 |a труды учёных ТПУ 
610 1 |a электронный ресурс 
610 1 |a структурно-фазовые превращения 
610 1 |a нановолокна 
610 1 |a оксид алюминия 
610 1 |a нанопорошки 
610 1 |a катализаторы 
610 1 |a жидкофазное окисление 
610 1 |a каталитическое окисление 
610 1 |a композитные материалы 
701 1 |a Леонов  |b А. А.  |c специалист в области материаловедения  |c специалист по учебно-методической работе Томского политехнического университета  |f 1991-  |g Андрей Андреевич  |3 (RuTPU)RU\TPU\pers\38520  |9 20810 
701 1 |a Пайгин  |b В. Д.  |c специалист в области материаловедения  |c инженер Томского политехнического университета  |f 1992-  |g Владимир Денисович  |3 (RuTPU)RU\TPU\pers\38491  |9 20805 
701 1 |a Толкачёв  |b О. С.  |c химик-технолог  |c научный сотрудник Томского политехнического университета  |f 1990-  |g Олег Сергеевич  |3 (RuTPU)RU\TPU\pers\32441  |9 16390 
701 1 |a Алишин  |b Т. Р.  |c специалист в области материаловедения  |c специалист по учебно-методической работе Томского политехнического университета  |f 1995-  |g Тимофей Русланович  |3 (RuTPU)RU\TPU\pers\45138  |9 21891 
801 2 |a RU  |b 63413507  |c 20200205  |g RCR 
856 4 |u http://earchive.tpu.ru/handle/11683/51864 
942 |c CF